| 000 | 00489nam a22001817a 4500 | ||
|---|---|---|---|
| 005 | 20260309134125.0 | ||
| 008 | 250721s2022 xx gr 000 0 eng d | ||
| 020 | _a9789777546553 | ||
| 082 | 1 | 4 |
_a822.33 _bS H A |
| 100 | 1 |
_ashakespeare, william _eauthor. |
|
| 245 | 1 | 0 |
_aHamlet / _cwilliam shakespeare. |
| 250 | _afirst edition. | ||
| 264 | 3 | 1 |
_aGIZA : _bDAR AL-FAROUK, _c2022. |
| 300 | _a145 Pages. | ||
| 650 | 1 | 7 | _aEnglish Drama. |
| 942 |
_2ddc _cBK |
||
| 999 |
_c146486 _d146486 |
||